000 01994nam a2200361 i 4500
001 000000847
003 DO-SdBNP
005 20250919135640.0
007 ta
008 090529s2003 dr bd r 001 0 spa d
040 _aDO-SdBNP
_bspa
_cBNPHU
_erda
041 _aspa
082 _a352.367
_bO12e
_222
245 0 0 _aObjetivos y estrategias para la reforma del Estado en la República Dominicana /
_ceditor, Tirso Mejía Ricart ; cuidado de la edición, Hernán Aristizábal G.
264 1 _aSanto Domingo, República Dominicana :
_bCONARE,
_c2003.
300 _a147 páginas :
_bgráficas, mapas ;
_c22 cm.
336 _atexto
_btxt
_2rdacontent
337 _asin mediación
_bn
_2rdamedia
338 _avolumen
_bnc
_2rdacarrier
505 0 _gContenido parcial --
_tPrefacio -- Presentación -- A manera de prólogo -- Introducción histórica -- Los objetivos generales y metas de la reforma del Estado -- Los nudos del desarrollo institucional -- Las reformas políticas -- La reforma de los cuerpos armados -- Las reformas en la administración pública -- La descentralización político-administrativa -- Las reformas económicas -- Las reformas sociales -- Las estrategias generales de reforma del Estado -- A manera de epílogo -- Anexos.
590 _aInventariado, 2018/BT
650 4 _aAdministracíon pública
_zRepública Dominicana
_93011
650 4 _aDescentralización administrativa
_zRepública Dominicana
_93012
651 4 _aRepública Dominicana
_xPolítica Y Gobierno
_y1961-
_9204
651 4 _aRepública Dominicana
_xPolítica Económica
_9643
651 4 _aRepública Dominicana
_xPolítica Social
_92627
651 4 _aRepública Dominicana
_xPolítica Militar
_92243
700 1 2 _a Mejía-Ricart G., Tirso,
_d1936-2021
_q(Mejía-Ricart Guzmán)
_eeditor
_4ed.
_91569
700 1 2 _aAristizábal G., Hernán,
_eed.
_93013
710 1 _aRepública Dominicana. Consejo Nacional de Reforma del Estado
_964396
910 _aValidado. Control de calidad. MFF
942 _2ddc
_cLBS1
999 _c843
_d843